|
|
|
|
| LEADER |
00701nta a2200205 i 4500 |
| 001 |
dipl103618 |
| 005 |
20210118072726.0 |
| 008 |
210113s2004 hu om 0|| zxx d |
| 040 |
|
|
|a SZTE Diploma Repozitórium
|b hun
|
| 041 |
|
|
|a zxx
|
| 100 |
1 |
|
|a Bakos Anikó
|
| 245 |
1 |
3 |
|a Az elektronikus zene története
|h [elektronikus dokumentum] /
|c Anikó Bakos
|
| 260 |
|
|
|c 2004
|
| 650 |
|
4 |
|a Pedagógusképzés
|
| 650 |
|
4 |
|a Social sciences
|
| 650 |
|
4 |
|a Media and communications
|
| 650 |
|
4 |
|a Media and socio-cultural communication
|
| 650 |
|
4 |
|a Cultural studies, cultural diversity
|
| 700 |
1 |
|
|a Szirmai Éva
|e ths
|
| 856 |
4 |
0 |
|u http://diploma.bibl.u-szeged.hu/id/eprint/103618/1/2004_bakos_aniko.pdf
|z Dokumentum-elérés
|